| 000 | 00430nam a2200145Ia 4500 | ||
|---|---|---|---|
| 008 | 190423s9999 xx 000 0 und d | ||
| 245 | _a4 steps to a better brain/ | ||
| 260 | _bReader's Digest Asia | ||
| 260 | _c2018 | ||
| 300 | _aPages 62-69, December 2018 | ||
| 440 |
_aAsia Reader's Digest: William Shakespeare Centuries of Shaping Language _v114:670 |
||
| 650 | _aCognitive skill | ||
| 650 | _aMind | ||
| 650 | _aWellbeing | ||
| 999 |
_c361535 _d361535 |
||